Производственный менеджмент в машиностроении: электронный курс

Dettagli Bibliografici
Autore principale: Кучерявенко С. В. Сергей Владимирович
Ente Autore: Национальный исследовательский Томский политехнический университет (ТПУ) Юргинский технологический институт (филиал) (ЮТИ) Кафедра экономики и автоматизированных систем управления (ЭАСУ)
Riassunto:Заглавие с экрана
В курсе "Производственный менеджмент в машиностроении" рассматриваются основные концепции и методы организации операционной деятельности машиностроительного предприятия, раскрываются принципы ее организации, описываются основные методы и инструменты управления операционной деятельностью. Особое внимание уделяется формированию практических умений ставить цели и формулировать задачи, связанные с реализацией профессиональных функций производственного менеджера машиностроительного предприятия.
Доступ по логину и паролю
Lingua:russo
Pubblicazione: Томск, TPU Moodle, 2015
Soggetti:
Accesso online:https://design.lms.tpu.ru/course/view.php?id=806
Natura: Elettronico Libro
KOHA link:https://koha.lib.tpu.ru/cgi-bin/koha/opac-detail.pl?biblionumber=651837

MARC

LEADER 00000nam0a2200000 4500
001 651837
005 20231102025825.0
035 |a (RuTPU)RU\TPU\network\17099 
035 |a RU\TPU\network\17098 
090 |a 651837 
100 |a 20161123d2015 m y0rusy50 ca 
101 0 |a rus 
102 |a RU 
105 |a a j 000zy 
135 |a jrcn ---uucaa 
181 0 |a i  
182 0 |a b 
200 1 |a Производственный менеджмент в машиностроении  |e электронный курс  |f С. В. Кучерявенко  |g Национальный исследовательский Томский политехнический университет (ТПУ), Юргинский технологический институт (филиал) (ЮТИ), Кафедра экономики и автоматизированных систем управления (ЭАСУ) 
203 |a Текст  |c электронный 
210 |a Томск  |c TPU Moodle  |d 2015 
230 |a Электрон. дан. 
300 |a Заглавие с экрана 
330 |a В курсе "Производственный менеджмент в машиностроении" рассматриваются основные концепции и методы организации операционной деятельности машиностроительного предприятия, раскрываются принципы ее организации, описываются основные методы и инструменты управления операционной деятельностью. Особое внимание уделяется формированию практических умений ставить цели и формулировать задачи, связанные с реализацией профессиональных функций производственного менеджера машиностроительного предприятия. 
333 |a Доступ по логину и паролю 
606 1 |a Машиностроение  |x Экономика  |2 stltpush  |3 (RuTPU)RU\TPU\subj\41496  |9 61286 
610 1 |a электронный ресурс 
610 1 |a труды учёных ТПУ 
610 1 |a электронное обучение 
610 1 |a электронные курсы ТПУ 
610 1 |a управление 
610 1 |a менеджмент 
610 1 |a машиностроительные предприятия 
610 1 |a производственные системы 
610 1 |a производственный процесс 
610 1 |a производственный цикл 
610 1 |a производственная мощность 
610 1 |a производственная программа 
610 1 |a организация труда 
610 1 |a предпринимательские риски 
610 1 |a электронные учебные пособия 
610 1 |a учебные пособия 
675 |a 621.002:658(075.8)  |v 3 
700 1 |a Кучерявенко  |b С. В.  |c философ, экономист  |c доцент Юргинского технологического института (филиала) Томского политехнического университета, кандидат философских наук  |f 1960-  |g Сергей Владимирович  |2 stltpush  |3 (RuTPU)RU\TPU\pers\25017  |9 11150 
712 0 2 |a Национальный исследовательский Томский политехнический университет (ТПУ)  |b Юргинский технологический институт (филиал) (ЮТИ)  |b Кафедра экономики и автоматизированных систем управления (ЭАСУ)  |h 360  |2 stltpush  |3 (RuTPU)RU\TPU\col\18900 
801 2 |a RU  |b 63413507  |c 20220128  |g RCR 
856 4 |u https://design.lms.tpu.ru/course/view.php?id=806 
942 |c BK